000 00714nam a2200229 i 4500
001 45651
003 ES-MaACL
005 20250822063118.0
007 t|
008 030326s1957 sp f ||||1| spa d
080 _a914.673.3(079.3)
100 1 _aColoma Payá, Rafael
_9156348
245 1 0 _aViaje por tierras de Alicante /
_cRafael Coloma ; [prólogo de Azorín (seud.)].
260 _aMadrid :
_bAfrodisio Aguado,
_c[1957]
300 _a245 p., 61 lám. ;
_c21 cm.
490 1 _aMundo adelante
651 4 _aAlicante (Provincia)-
_xDescripción.
_9153491
700 0 _aAzorín,
_d1873-1967
_924326
830 0 _aMundo adelante
_9187479
852 _aES-MaACL
_jC-12401
999 _c45651
_d45651